Từ điển từ vay mượn trong tiếng Việt hiện đại /

Đã lưu trong:
书目详细资料
格式: 未知
出版: 2009.
标签: 添加标签
没有标签, 成为第一个标记此记录!
Thư viện lưu trữ: Mạng thư viện Đại học Đà Nẵng
LEADER 00731na a2200205 4500
001 000032400
003 8487
005 20220613093624.0
008 151002s2009 000
082 |a 495.923  |b TR-A 
245 0 |a Từ điển từ vay mượn trong tiếng Việt hiện đại /  |c Trần Thanh Ái. 
260 |c 2009. 
OWN |a LNN 
AVA |a UDN50  |b LNN  |d 495.923 TR-A  |e available  |t Error 5001 Not defined in file expand_doc_bib_avail.  |f 1  |g 0  |h N  |i 0  |k 1 
999 |a From the UDN01 
AVA |a UDN50  |b LNN  |d 495.923 TR-A  |e available  |t Error 5001 Not defined in file expand_doc_bib_avail.  |f 1  |g 0  |h N  |i 0  |k 1 
TYP |a Printed language 
980 |a Mạng thư viện Đại học Đà Nẵng